Spanish Subjunctive Present Irregular Verbs - Statistics

General Stats
  • This quiz has been taken 41 times
    36 since last reset
  • The average score is 69 of 310
Answer Stats
Verb Subjunctive Present % Correct
Abstener - Abstenga- Abstengas - Abstenga - Abstengamos - Abstengáis - Abstengan
77%
Absolver - Absuelva- Absuelvas - Absuelva
- Regular
- Regular - Absuelvan
65%
Acercar - Acerque- Acerques - Acerque - Acerquemos - Acerquéis - Acerquen
62%
Acordar - Acuerde- Acuerdes - Acuerde - Regular - Regular - Acuerden
62%
Acostar - Acueste- Acuestes - Acueste - Regular - Regular - Acuesten
58%
Costar - Cueste- Cuestes - Cueste - Regular - Regular - Cuesten
58%
Ir - Vaya- Vayas - Vaya - Vayamos - Vayáis - Vayan
54%
Acertar - Acierte- Aciertes - Acierte - Regular - Regular - Acierten
50%
Actualizar - Actualice- Actualices - Actualice - Actualicemos - Actualicéis - Actualicen
42%
Adherir - Adhiera- Adhieras - Adhiera - Regular - Regular - Adhieran
42%
Incluir - Incluya- Incluyas - Incluya - Incluyamos - Incluyáis - Incluyan
42%
Probar - Pruebe- Pruebes - Pruebe - Regular - Regular - Prueben
42%
Adquirir - Adquiera- Adquieras - Adquiera - Regular - Regular - Adquieran
38%
Advertir - Advierta- Adviertas - Advierta - Regular - Regular - Adviertan
38%
Aprobar - Apruebe- Apruebes - Apruebe - Regular - Regular - Aprueben
38%
Aventar - Aviente- Avientes - Aviente - Regular - Regular - Avienten
38%
Bendecir - Bendiga- Bendigas - Bendiga - Bendigamos - Bendigáis - Bendigan
38%
Cerrar - Cierre- Cierres - Cierre - Regular - Regular - Cierren
38%
Dar - Dé- Regular - Dé - Regular - Deis - Regular
38%
Querer - Quiera- Quieras - Quiera - Regular - Regular - Quieran
38%
Anteponer - Anteponga- Antepongas - Anteponga - Antepongamos - Antepongáis - Antepongan
35%
Ascender - Ascienda- Asciendas - Ascienda - Regular - Regular - Asciendan
35%
Atender - Atienda- Atiendas - Atienda - Regular - Regular - Atiendan
35%
Atraer - Atraiga- Atraigas - Atraiga - Atraigamos - Atraigáis - Atraigan
35%
Buscar - Busque- Busques - Busque - Busquemos - Busquéis - Busquen
35%
Calentar - Caliente- Calientes - Caliente - Regular - Regular - Calienten
35%
Componer - Componga- Compongas - Componga - Compongamos - Compongáis - Compongan
35%
Detener - Detenga- Detengas - Detenga - Detengamos - Detengáis - Detengan
35%
Hacer - Haga- Hagas - Haga - Hagamos - Hagáis - Hagan
35%
Poner - Ponga- Pongas - Ponga - Pongamos - Pongáis - Pongan
35%
Reír - Ría- Rías - Ría - Riamos - Riais - Rían
35%
Volver - Vuelva- Vuelvas - Vuelva - Regular - Regular - Vuelvan
35%
Aparcar - Aparque- Aparques - Aparque - Aparquemos - Aparquéis - Aparquen
31%
Apretar - Apriete- Aprietes - Apriete - Regular - Regular - Aprieten
31%
Apostar - Apueste- Apuestes - Apueste - Regular - Regular - Apuesten
31%
Bienquerer - Bienquiera- Bienquieras - Bienquiera - Regular - Regular - Bienquieran
31%
Caer - Caiga- Caigas - Caiga - Caigamos - Caigáis - Caigan
31%
Coger - Coja- Cojas - Coja - Cojamos - Cojáis - Cojan
31%
Concluir - Concluya- Concluyas - Concluya - Concluyamos - Concluyáis - Concluyan
31%
Conocer - Conozca- Conozcas - Conozca - Conozcamos - Conozcáis - Conozcan
31%
Conseguir - Consiga- Consigas - Consiga - Consigamos - Consigáis - Consigan
31%
Contener - Contenga- Contengas - Contenga - Contengamos - Contengáis - Contengan
31%
Contradecir - Contradiga- Contradigas - Contradiga - Contradigamos - Contradigáis - Contradigan
31%
Contraponer - Contraponga- Contrapongas - Contraponga - Contrapongamos - Contrapongáis - Contrapongan
31%
Convertir - Convierta- Conviertas - Convierta - Regular - Regular - Conviertan
31%
Contar - Cuente- Cuentes - Cuente - Regular - Regular - Cuenten
31%
Descomponer - Descomponga- Descompongas - Descomponga - Descompongamos - Descompongáis - Descompongan
31%
Disponer - Disponga- Dispongas - Disponga - Dispongamos - Dispongáis - Dispongan
31%
Encender - Encienda- Enciendas - Encienda - Regular - Regular - Enciendan
31%
Encontrar - Encuentre- Encuentres - Encuentre - Regular - Regular - Encuentren
31%
Entender - Entienda- Entiendas - Entienda - Regular - Regular - Entiendan
31%
Enterrar - Entierre- Entierres - Entierre - Regular - Regular - Entierren
31%
Entretener - Entretenga- Entretengas - Entretenga - Entretengamos - Entretengáis - Entretengan
31%
Exponer - Exponga- Expongas - Exponga - Expongamos - Expongáis - Expongan
31%
Haber - Haya- Hayas - Haya - Hayamos - Hayáis - Hayan
31%
Inferir - Infiera- Infieras - Infiera - Regular - Regular - Infieran
31%
Influir - Influya- Influyas - Influya - Influyamos - Influyáis - Influyan
31%
Morir - Muera- Mueras - Muera - Regular - Regular - Mueran
31%
Mostrar - Muestre- Muestres - Muestre - Regular - Regular - Muestren
31%
Poder - Pueda- Puedas - Pueda - Regular - Regular - Puedan
31%
Salir - Salga- Salgas - Salga - Salgamos - Salgáis - Salgan
31%
Tener - Tenga- Tengas - Tenga - Tengamos - Tengáis - Tengan
31%
Amanecer - Amanezca- Amanezcas - Amanezca - Amanezcamos - Amanezcáis - Amanezcan
27%
Anochecer - Anochezca- Anochezcas - Anochezca - Anochezcamos - Anochezcáis - Anochezcan
27%
Atravesar - Atraviese- Atravieses - Atraviese - Regular - Regular - Atraviesen
27%
Atribuir - Atribuya- Atribuyas - Atribuya - Atribuyamos - Atribuyáis - Atribuyan
27%
Constituir - Constituya- Constituyas - Constituya - Constituyamos - Constituyáis - Constituyan
27%
Construir - Construya- Construyas - Construya - Construyamos - Construyáis - Construyan
27%
Contraer - Contraiga- Contraigas - Contraiga - Contraigamos - Contraigáis - Contraigan
27%
Contribuir - Contribuya- Contribuyas - Contribuya - Contribuyamos - Contribuyáis - Contribuyan
27%
Convenir - Convenga- Convengas - Convenga - Convengamos - Convengáis - Convengan
27%
Decaer - Decaiga- Decaigas - Decaiga - Decaigamos - Decaigáis - Decaigan
27%
Deducir - Deduzca- Deduzcas - Deduzca - Deduzcamos - Deduzcáis - Deduzcan
27%
Defender - Defienda- Defiendas - Defienda - Regular - Regular - Defiendan
27%
Deponer - Deponga- Depongas - Deponga - Depongamos - Depongáis - Depongan
27%
Descender - Descienda- Desciendas - Descienda - Regular - Regular - Desciendan
27%
Desdecir - Desdiga- Desdigas - Desdiga - Desdigamos - Desdigáis - Desdigan
27%
Desenvolver - Desenvuelva- Desenvuelvas - Desenvuelva - Regular - Regular - Desenvuelvan
27%
Deshacer - Deshaga- Deshagas - Deshaga - Deshagamos - Deshagáis - Deshagan
27%
Despedir - Despida- Despidas - Despida - Despidamos - Despidáis - Despidan
27%
Despertar - Despierte- Despiertes - Despierte - Regular - Regular - Despierten
27%
Destituir - Destituya- Destituyas - Destituya - Destituyamos - Destituyáis - Destituyan
27%
Destruir - Destruya- Destruyas - Destruya - Destruyamos - Destruyáis - Destruyan
27%
Detraer - Detraiga- Detraigas - Detraiga - Detraigamos - Detraigáis - Detraigan
27%
Devolver - Devuelva- Devuelvas - Devuelva - Regular - Regular - Devuelvan
27%
Decir - Diga- Digas - Diga - Digamos - Digáis - Digan
27%
Diluir - Diluya- Diluyas - Diluya - Diluyamos - Diluyáis - Diluyan
27%
Dirigir - Dirija- Dirijas - Dirija - Dirijamos - Dirijáis - Dirijan
27%
Disminuir - Disminuya- Disminuyas - Disminuya - Disminuyamos - Disminuyáis - Disminuyan
27%
Divertir - Divierta- Diviertas - Divierta - Regular - Regular - Diviertan
27%
Doler - Duela- Duelas - Duela - Regular - Regular - Duelan
27%
Dormir - Duerma- Duermas - Duerma - Regular - Regular - Duerman
27%
Duplicar - Duplique- Dupliques - Duplique - Regular - Regular - Dupliquen
27%
Emerger - Emerja- Emerjas - Emerja - Emerjamos - Emerjáis - Emerjan
27%
Encordar - Encuerde- Encuerdes - Encuerde - Regular - Regular - Encuerden
27%
Envolver - Envuelva- Envuelvas - Envuelva - Regular - Regular - Envuelvan
27%
Excluir - Excluya- Excluyas - Excluya - Excluyamos - Excluyáis - Excluyan
27%
Extender - Extienda- Extiendas - Extienda - Regular - Regular - Extiendan
27%
Extraer - Extraiga- Extraigas - Extraiga - Extraigamos - Extraigáis - Extraigan
27%
Fluir - Fluya- Fluyas - Fluya - Fluyamos - Fluyáis - Fluyan
27%
Imponer - Imponga- Impongas - Imponga - Impongamos - Impongáis - Impongan
27%
Instruir - Instruya- Instruyas - Instruya - Instruyamos - Instruyáis - Instruyan
27%
Llegar - Llegue- Llegues - Llegue - Lleguemos - Lleguéis - Lleguen
27%
Llover - Llueva- Lluevas - Llueva - Regular - Regular - Lluevan
27%
Mantener - Mantenga- Mantengas - Mantenga - Mantengamos - Mantengáis - Mantengan
27%
Mover - Mueva- Muevas - Mueva - Regular - Regular - Muevan
27%
Oír - Oiga- Oigas - Oiga - Oigamos - Oigáis - Oigan
27%
Pedir - Pida- Pidas - Pida - Pidamos - Pidáis - Pidan
27%
Recordar - Recuerde- Recuerdes - Recuerde - Regular - Regular - Recuerden
27%
Retener - Retenga- Retengas - Retenga - Retengamos - Retengáis - Retengan
27%
Ser - Sea- Seas - Sea - Seamos - Seáis - Sean
27%
Sobreponer - Sobreponga- Sobrepongas - Sobreponga - Sobrepongamos - Sobrepongáis - Sobrepongan
27%
Comprobar - Compruebe- Compruebes - Compruebe - Regular - Regular - Comprueben
23%
Conducir - Conduzca- Conduzcas - Conduzca - Conduzcamos - Conduzcáis - Conduzcan
23%
Confesar - Confiese- Confieses - Confiese - Regular - Regular - Confiesen
23%
Constitucionalizar - Constitucionalice- Constitucionalices - Constitucionalice - Constitucionalicemos - Constitucionalicéis - Constitucionalicen
23%
Convencer - Convenza- Convenzas - Convenza - Convenzamos - Convenzáis - Convenzan
23%
Demostrar - Demuestre- Demuestres - Demuestre - Regular - Regular - Demuestren
23%
Diferir - Difiera- Difieras - Difiera - Regular - Regular - Difieran
23%
Distribuir - Distribuya- Distribuyas - Distribuya - Distribuyamos - Distribuyáis - Distribuyan
23%
Disolver - Disuelva- Disuelvas - Disuelva - Regular - Regular - Disuelvan
23%
Divergir - Diverja- Diverjas - Diverja - Diverjamos - Diverjáis - Diverjan
23%
Ejercer - Ejerza- Ejerzas - Ejerza - Ejerzamos - Ejerzáis - Ejerzan
23%
Empezar - Empiece- Empieces - Empiece - Empecemos - Empecéis - Empiecen
23%
Enraizar - Enraíce- Enraíces - Enraíce - Enraicemos - Enraicéis - Enraícen
23%
Entreoír - Entreoiga- Entreoigas - Entreoiga - Entreoigamos - Entreoigáis - Entreoigan
23%
Exigir - Exija- Exijas - Exija - Exijamos - Exijáis - Exijan
23%
Expedir - Expida- Expidas - Expida - Expidamos - Expidáis - Expida
23%
Fallecer - Fallezca- Fallezcas - Fallezca - Fallezcamos - Fallezcáis - Fallezcan
23%
Gobernar - Gobierne- Gobiernes - Gobierne - Regular - Regular - Gobiernen
23%
Impedir - Impida- Impidas - Impida - Impidamos - Impidáis - Impidan
23%
Intervenir - Intervenga- Intervengas - Intervenga - Intervengamos - Intervengáis - Intervengan
23%
Intuir - Intuya- Intuyas - Intuya - Intuyamos - Intuyáis - Intuyan
23%
Maldecir - Maldiga- Maldigas - Maldiga - Maldigamos - Maldigáis - Maldigan
23%
Malquerer - Malquiera- Malquieras - Malquiera - Regular - Regular - Malquieran
23%
Medir - Mida- Midas - Mida - Midamos - Midáis - Midan
23%
Mentir - Mienta- Mientas - Mienta - Regular - Regular - Mientan
23%
Moler - Muela- Muelas - Muela - Regular - Regular - Muelan
23%
Morder - Muerda- Muerdas - Muerda - Regular - Regular - Muerdan
23%
Obtener - Obtenga- Obtengas - Obtenga - Obtengamos - Obtengáis - Obtengan
23%
Oponer - Oponga- Opongas - Oponga - Opongamos - Opongáis - Opongan
23%
Pagar - Pague- Pagues - Pague - Paguemos - Paguéis - Paguen
23%
Pegar - Pegue- Pegues - Pegue - Peguemos - Peguéis - Peguen
23%
Pensar - Piense- Pienses - Piense - Regular - Regular - Piensen
23%
Perder - Pierda- Pierdas - Pierda - Regular - Regular - Pierdan
23%
Posponer - Posponga- Pospongas - Posponga - Pospongamos - Pospongáis - Pospongan
23%
Predecir - Prediga- Predigas - Prediga - Predigamos - Predigáis - Predigan
23%
Preferir - Prefiera- Prefieras - Prefiera - Regular - Regular - Prefieran
23%
Proponer - Proponga- Propongas - Proponga - Propongamos - Propongáis - Propongan
23%
Poblar - Pueble- Puebles - Pueble - Regular - Regular - Pueblen
23%
Reponer - Reponga- Repongas - Reponga - Repongamos - Repongáis - Repongan
23%
Sacar - Saque- Saques - Saque - Saquemos - Saquéis - Saquen
23%
Sentir - Sienta- Sientas - Sienta - Regular - Regular - Sientan
23%
Seguir - Siga- Sigas - Siga - Sigamos - Sigáis - Sigan
23%
Sobresalir - Sobresalga- Sobresalgas - Sobresalga - Sobresalgamos - Sobresalgáis - Sobresalgan
23%
Sobrevenir - Sobrevenga- Sobrevengas - Sobrevenga - Sobrevengamos - Sobrevengáis - Sobrevengan
23%
Sostener - Sostenga- Sostengas - Sostenga - Sostengamos - Sostengáis - Sostengan
23%
Sonar - Suene- Suenes - Suene - Regular - Regular - Suenen
23%
Soñar - Sueñe- Sueñes - Sueñe - Regular - Regular - Sueñen
23%
Superponer - Superponga- Superpongas - Superponga - Superpongamos - Superpongáis - Superpongan
23%
Suponer - Suponga- Supongas - Suponga - Supongamos - Supongáis - Supongan
23%
Ver - Vea- Veas - Vea - Veamos - Veáis - Vean
23%
Yuxtaponer - Yuxtaponga- Yuxtapongas - Yuxtaponga - Yuxtapongamos - Yuxtapongáis - Yuxtapongan
23%
Competir - Compita- Compitas - Compita - Compitamos - Compitáis - Compitan
19%
Concebir - Conciba- Concibas - Conciba - Concibamos - Concibáis - Conciban
19%
Contender - Contienda- Contiendas - Contienda - Regular - Regular - Contiendan
19%
Convergir - Converja- Converjas - Converja - Converjamos - Converjáis - Converjan
19%
Digerir - Digiera- Digieras - Digiera - Regular - Regular - Digieran
19%
Elegir - Elija- Elijas - Elija - Elijamos - Elijáis - Elijan
19%
Empedrar - Empiedre- Empiedres - Empiedre - Regular - Regular - Empiedren
19%
Erigir - Erija- Erijas - Erija - Erijamos - Erijáis - Erijan
19%
Florecer - Florezca- Florezcas - Florezca - Florezcamos - Florezcáis - Florezcan
19%
Herir - Hiera- Hieras - Hiera - Regular - Regular - Hieran
19%
Hervir - Hierva- Hiervas - Hierva - Regular - Regular - Hiervan
19%
Huir - Huya- Huyas - Huya - Huyamos - Huyáis - Huyan
19%
Industrializar - Industrialice- Industrialices - Industrialice - Industrialicemos - Industrialicéis - Industrialicen
19%
Interferir - Interfiera- Interfieras - Interfiera - Regular - Regular - Interfieran
19%
Invertir - Invierta- Inviertas - Invierta - Regular - Regular - Inviertan
19%
Juzgar - Juzgue- Juzgues - Juzgue - Juzguemos - Juzguéis - Juzguen
19%
Merecer - Merezca- Merezcas - Merezca - Merezcamos - Merezcáis - Merezcan
19%
Merendar - Meriende- Meriendes - Meriende - Regular - Regular - Merienden
19%
Modificar - Modifique- Modifiques - Modifique - Modifiquemos - Modifiquéis - Modifiquen
19%
Multiplicar - Multiplique- Multipliques - Multiplique - Multipliquemos - Multipliquéis - Multipliquen
19%
Nevar - Nieve- Nieves - Nieve - Regular - Regular - Nieven
19%
Obstruir - Obstruya - Obstruyas - Obstruya - Obstruyamos - Obstruyáis - Obstruyan
19%
Parecer - Parezca- Parezcas - Parezca - Parezcamos - Parezcáis - Parezcan
19%
Permanecer - Permanezca- Permanezcas - Permanezca - Permanezcamos - Permanezcáis - Permanezcan
19%
Pertenecer - Pertenezca- Pertenezcas - Pertenezca - Pertenezcamos - Pertenezcáis - Pertenezcan
19%
Presuponer - Presuponga- Presupongas - Presuponga - Presupongamos - Presupongáis - Presupongan
19%
Promover - Promueva- Promuevas - Promueva - Regular - Regular - Promuevan
19%
Prostituir - Prostituya- Prostituyas - Prostituya - Prostituyamos - Prostituyáis - Prostituyan
19%
Reconocer - Reconozca- Reconozcas - Reconozca - Reconozcamos - Reconozcáis - Reconozcan
19%
Reducir - Reduzca- Reduzcas - Reduzca - Reduzcamos - Reduzcáis - Reduzcan
19%
Referir - Refiera- Refieras - Refiera - Regular - Regular - Refieran
19%
Remendar - Remiende- Remiendes - Remiende - Regular - Regular - Remienden
19%
Remover - Remueva- Remuevas - Remueva - Regular - Regular - Remuevan
19%
Renovar - Renueve- Renueves - Renueve - Regular - Regular - Renueven
19%
Repetir - Repita- Repitas - Repita - Repitamos - Repitáis - Repitan
19%
Repoblar - Repueble- Repuebles - Repueble - Regular - Regular - Repueblen
19%
Requerir - Requiera- Requieras - Requiera - Regular - Regular - Requieran
19%
Resentir - Resienta- Resientas - Resienta - Regular - Regular - Resientan
19%
Resolver - Resuelva- Resuelvas - Resuelva - Regular - Regular - Resuelvan
19%
Retraer - Retraiga- Retraigas - Retraiga - Retraigamos - Retraigáis - Retraigan
19%
Revolver - Revuelva- Revuelvas - Revuelva - Regular - Regular - Revuelvan
19%
Rodar - Ruede- Ruedes - Ruede - Regular - Regular - Rueden
19%
Rugir - Ruja- Rujas - Ruja - Rujamos - Rujáis - Rujan
19%
Seducir - Seduzca- Seduzcas - Seduzca - Seduzcamos - Seduzcáis - Seduzcan
19%
Saber - Sepa- Sepas - Sepa - Sepamos - Sepáis - Sepan
19%
Subvertir - Subvierta- Subviertas - Subvierta - Regular - Regular - Subviertan
19%
Soler - Suela- Suelas - Suela - Regular - Regular - Suelan
19%
Soltar - Suelte- Sueltes - Suelte - Regular - Regular - Suelten
19%
Sustraer - Sustraiga- Sustraigas - Sustraiga - Sustraigamos - Sustraigáis - Sustraigan
19%
Tender - Tienda- Tiendas - Tienda - Regular - Regular - Tiendan
19%
Tentar - Tiente- Tientes - Tiente - Regular - Regular - Tienten
19%
Traer - Traiga- Traigas - Traiga - Traigamos - Traigáis - Traigan
19%
Valer - Valga- Valgas - Valga - Valgamos - Valgáis - Valgan
19%
Venir - Venga- Vengas - Venga - Vengamos - Vengáis - Vengan
19%
Vestir - Vista- Vistas - Vista - Vistamos - Vistáis - Vistan
19%
Volar - Vuele- Vueles - Vuele - Regular - Regular - Vuelen
19%
Yacer - Yazca- Yazcas - Yazca - Yazcamos - Yazcáis - Yazcan
19%
Afligir - Aflija- Aflijas - Aflija - Aflijamos - Aflijáis - Aflijan
15%
Concordar - Concuerde- Concuerdes - Concuerde - Regular - Regular - Concuerden
15%
Condescender - Condescienda- Condesciendas - Condescienda - Regular - Regular - Condesciendan
15%
Constreñir - Constriña- Constriñas - Constriña - Constriñamos - Constriñáis - Constriñan
15%
Degollar - Degüelle- Degüelles - Degüelle - Regular - Regular - Degüellen
15%
Derretir - Derrita- Derritas - Derrita - Derritamos - Derritáis - Derritan
15%
Discernir - Discierna- Disciernas - Discierna - Regular - Regular - Disciernan
15%
Distinguir - Distinga- Distingas - Distinga - Distingamos - Distingáis - Distingan
15%
Envejecer - Envejezca- Envejezcas - Envejezca - Envejezcamos - Envejezcáis - Envejezcan
15%
Esparcir - Esparza- Esparzas - Esparza - Esparzamos - Esparzáis - Esparzan
15%
Fertilizar - Fertilice- Fertilices - Fertilice - Fertilicemos - Fertilicéis - Fertilicen
15%
Fingir - Finja- Finjas - Finja - Finjamos - Finjáis - Finjan
15%
Fruncir - Frunza- Frunzas - Frunza - Frunzamos - Frunzáis - Frunzan
15%
Oler - Huela- Huelas - Huela - Regular - Regular - Huelan
15%
Infligir - Inflija- Inflijas - Inflija - Inflijamos - Inflijáis - Inflijan
15%
Infringir - Infrinja- Infrinjas - Infrinja - Infrinjamos - Infrinjáis - Infrinjan
15%
Ingerir - Ingiera- Ingieras - Ingiera - Regular - Regular - Ingieran
15%
Institucionalizar - Institucionalice- Institucionalices - Institucionalice - Institucionalicemos - Institucionalicéis - Institucionalicen
15%
Introducir - Introduzca- Introduzcas - Introduzca - Introduzcamos - Introduzcáis - Introduzcan
15%
Ironizar - Ironice- Ironices - Ironice - Ironicemos - Ironicéis - Ironicen
15%
Justificar - Justifique- Justifiques - Justifique - Justifiquemos - Justifiquéis - Justifiquen
15%
Manifestar - Manifieste- Manifiestes - Manifieste - Regular - Regular - Manifiesten
15%
Mecer - Meza- Mezas - Meza - Mezamos - Mezáis - Mezan
15%
Mugir - Muja- Mujas - Muja - Mujamos - Mujáis - Mujan
15%
Oscurecer - Oscurezca- Oscurezcas - Oscurezca - Oscurezcamos - Oscurezcáis - Oscurezcan
15%
Perseguir - Persiga- Persigas - Persiga - Persigamos - Persigáis - Persigan
15%
Prevenir - Prevenga- Prevengas - Prevenga - Prevengamos - Prevengáis - Prevengan
15%
Producir - Produzca- Produzcas - Produzca - Produzcamos - Produzcáis - Produzcan
15%
Proteger - Proteja- Protejas - Proteja - Protejamos - Protejáis - Protejan
15%
Caber - Quepa- Quepas - Quepa - Quepamos - Quepáis - Quepan
15%
Realizar - Realice- Realices - Realice - Realicemos - Realicéis - Realicen
15%
Recoger - Recoja- Recojas - Recoja - Recojamos - Recojáis - Recojan
15%
Recomendar - Recomiende- Recomiendes - Recomiende - Regular - Regular - Recomienden
15%
Rehacer - Rehaga- Rehagas - Rehaga - Rehagamos - Rehagáis - Rehagan
15%
Replicar - Replique- Repliques - Replique - Repliquemos - Repliquéis - Repliquen
15%
Restringir - Restrinja- Restrinjas - Restrinja - Restrinjamos - Restrinjáis - Restrinjan
15%
Servir - Sirva- Sirvas - Sirva - Sirvamos - Sirváis - Sirvan
15%
Sustituir - Sustituya- Sustituyas - Sustituya - Sustituyamos - Sustituyáis - Sustituyan
15%
Traducir - Traduzca- Traduzcas - Traduzca - Traduzcamos - Traduzcáis - Traduzcan
15%
Transferir - Transfiera- Transfieras - Transfiera - Regular - Regular - Transfieran
15%
Tostar - Tueste- Tuestes - Tueste - Regular - Regular - Tuesten
15%
Urbanizar - Urbanice- Urbanices - Urbanice - Urbanicemos - Urbanicéis - Urbanicen
15%
Zurcir - Zurza- Zurzas - Zurza - Zurzamos - Zurzáis - Zurzan
15%
Colegir - Colija- Colijas - Colija - Colijamos - Colijáis - Colijan
12%
Corregir - Corrija- Corrijas - Corrija - Corrijamos - Corrijáis - Corrijan
12%
Delinquir - Delinca- Delincas - Delinca - Delincamos - Delincáis - Delincan
12%
Derruir - Derruya- Derruyas - Derruya - Derruyamos - Derruyáis - Derruyan
12%
Desvaír - Desvaya- Desvayas - Desvaya - Desvayamos - Desvayáis - Desvayan
12%
Embestir - Embista- Embistas - Embista - Embistamos - Embistáis - Embistan
12%
Extinguir - Extinga- Extingas - Extinga - Extingamos - Extingáis - Extingan
12%
Gemir - Gima- Gimas - Gima - Gimamos - Gimáis - Giman
12%
Lucir - Luzca- Luzcas - Luzca - Luzcamos - Luzcáis - Luzcan
12%
Preconcebir - Preconciba- Preconcibas - Preconciba - Preconcibamos - Preconcibáis - Preconciban
12%
Proferir - Profiera - Profieras - Profiera - Regular - Regular - Profieran
12%
Quebrar - Quiebre- Quiebres - Quiebre - Regular - Regular - Quiebren
12%
Reñir - Riña- Riñas - Riña - Riñamos - Riñáis - Riñan
12%
Rendir - Rinda- Rindas - Rinda - Rindamos - Rindáis - Rindan
12%
Satisfacer - Satisfaga- Satisfagas - Satisfaga - Satisfagamos - Satisfagáis - Satisfagan
12%
Subdistinguir - Subdistinga- Subdistingas - Subdistinga - Subdistingamos - Subdistingáis - Subdistingan
12%
Sugerir - Sugiera- Sugieras - Sugiera - Regular - Regular - Sugieran
12%
Sumergir - Sumerja- Sumerjas - Sumerja - Sumerjamos - Sumerjáis - Sumerjan
12%
Surgir - Surja- Surjas - Surja - Surjamos - Surjáis - Surjan
12%
Teñir - Tiña- Tiñas - Tiña - Tiñamos - Tiñáis - Tiñan
12%
Transcender - Transcienda- Transciendas - Transcienda - Regular - Regular - Transciendan
12%
Zaherir - Zahiera- Zahieras - Zahiera - Regular - Regular - Zahieran
12%
Freír - Fría- Frías - Fría - Friamos - Friais - Frían
8%
Fulgir - Fulja- Fuljas - Fulja - Fuljamos - Fuljáis - Fuljan
8%
Prevaler - Prevalga- Prevalgas - Prevalga - Prevalgamos - Prevalgáis - Prevalgan
8%
Regir - Rija- Rijas - Rija - Rijamos - Rijáis - Rijan
8%
Asir - Asga- Asgas - Asga - Asgamos - Asgáis - Asgan
4%
Desleír - Deslía- Deslías - Deslía - Desliamos - Desliáis - Deslían
4%
Henchir - Hincha- Hinchas - Hincha - Hinchamos - Hincháis - Hinchan
4%
Almorzar - Almuerce- Almuerces - Almuerce - Almorcemos - Almorcéis - Almuercen
0%
Avergonzar - Avergüence- Avergüences - Avergüence - Avergoncemos - Avergoncéis - Avergüencen
0%
Cegar - Ciegue- Ciegues - Ciegue - Ceguemos - Ceguéis - Cieguen
0%
Comenzar - Comience- Comiences - Comience - Comencemos - Comencéis - Comiencen
0%
Colgar - Cuelgue- Cuelgues - Cuelgue - Colguemos - Colguéis - Cuelguen
0%
Cocer - Cueza- Cuezas - Cueza - Cozamos - Cozáis - Cuezan
0%
Denegar - Deniegue- Deniegues - Deniegue - Deneguemos - Deneguéis - Denieguen
0%
Escocer - Escueza- Escuezas - Escueza - Escozamos - Escozáis - Escuezan
0%
Fregar - Friegue- Friegues - Friegue - Freguemos - Freguéis - Frieguen
0%
Forzar - Fuerce- Fuerces - Fuerce - Forcemos - Forcéis - Fuercen
0%
Jugar - Juegue- Juegues - Juegue - Juguemos - Juguéis - Jueguen
0%
Negar - Niegue- Niegues - Niegue - Neguemos - Neguéis - Nieguen
0%
Reforzar - Refuerce- Refuerces - Refuerce - Reforcemos - Reforcéis - Refuercen
0%
Regar - Riegue- Riegues - Riegue - Reguemos - Reguéis - Rieguen
0%
Sosegar - Sosiegue- Sosiegues - Sosiegue - Soseguemos - Soseguéis - Sosieguen
0%
Tropezar - Tropiece- Tropieces - Tropiece - Tropecemos - Tropecéis - Tropiecen
0%
Torcer - Tuerza- Tuerzas - Tuerza - Torzamos - Torzáis - Tuerzan
0%
Volcar - Vuelque- Vuelques - Vuelque - Volquemos - Volquéis - Vuelquen
0%
No matching quizzes found
Score Distribution
Percent of People with Each Score
Percentile by Number Answered
Your Score History
You have not taken this quiz since the last reset